Hanbury & Martin Modern equity (Record no. 40752)

MARC details
000 -LEADER
fixed length control field 00441nam a2200193Ia 4500
020 ## - INTERNATIONAL STANDARD BOOK NUMBER
ISBN 0421482508
050 ## - CALL MARK
Classification number KN 200 .M2/
100 ## - STATEMENT OF RESPONSIBILITY--MAIN AUTHOR NAME
Personal name Martin, Jull E.
245 #0 - TITLE STATEMENT
Title Hanbury & Martin Modern equity
250 ## - EDITION / VOLUME STATEMENT
Edition / Volume statement 14th ed.
260 ## - PUBLICATION, DISTRIBUTION, ETC. (IMPRINT)
Place of publication London
260 ## - PUBLICATION, DISTRIBUTION, ETC. (IMPRINT)
Name of publisher Sweet & Maxwell Ltd,
260 ## - PUBLICATION, DISTRIBUTION, ETC. (IMPRINT)
Year of publication 1993
300 ## - PHYSICAL DESCRIPTION
Number of Pages 925 p
650 ## - SUBJECT ADDED ENTRY--TOPICAL TERM
Topical Term London
942 ## - ADDED ENTRY ELEMENTS (KOHA)
Koha item type Books
Holdings
Withdrawn status Lost status Damaged status Not for loan Permanent Location Current Location Shelving location Date acquired Accession Number Price effective from Koha item type
        Law Library Law Library Items on shelf 06/03/2025 0011980 06/03/2025 Books